| 000 | 00676nam a2200205Ii 4500 | ||
|---|---|---|---|
| 003 | JO-AjNU | ||
| 008 | 230605s9999||||xx |||||||||||||| ||und|| | ||
| 017 | _a2006/8/2118 | ||
| 040 |
_aJO-AjNU _bara _erda _cJO-AjNU |
||
| 041 | _aara | ||
| 050 | 1 | 4 | _aHF1359.T3738. 2006 |
| 100 | 3 |
_a طشطوش، هايل عبد المولى, _eauthor _923939 |
|
| 245 | 0 | 0 | _aالعولمة تأثيرات وتحديات |
| 264 | 3 | 1 | _aاربد:المؤلف؛2006 |
| 300 |
_a104ص _bيحتوي على ببلوغرافية من ص101-104ص |
||
| 336 |
_atext _btxt _2rdacontent |
||
| 337 |
_aunmediated _bn _2rdamedia |
||
| 338 |
_avolume _bnc _2rdacarrier |
||
| 650 | 4 |
_aالعولمة _923940 |
|
| 999 |
_aA8739 _c12307 _d12307 |
||